| 000 | 00769nam a2200229 a 4500 | ||
|---|---|---|---|
| 008 | 120416s1972 ||||||||||||||||| || u | ||
| 020 | _a008016854x | ||
| 020 | _a008016854X | ||
| 050 | _aHB 1951 Cla | ||
| 100 | _aClarke, John Innes | ||
| 245 | 1 | 0 | _aPopulation geography |
| 250 | _a2nd ed. | ||
| 260 |
_aOxford: _bPergamon Press _c1972 |
||
| 300 | _axi, 176 p. illus. | ||
| 350 | _a0.00 | ||
| 490 | _aThe Commonwealth and international library | ||
| 490 | _v Pergamon Oxford geographies | ||
| 500 | _aIncludes bibliographical references. | ||
| 650 | _aPopulation geography | ||
| 650 | _aGEOGRAPHY | ||
| 995 |
_D0.00 _FCBU-MAIN LIBRARY (Kitwe) _H1 _I2.75 _M1 _UAVAILABLE _ZAnnex Low-Usage Collection |
||
| 999 |
_c54021 _d54021 |
||